[Event "Kingston Easter U1900"]
[Site "Kingston"]
[Date "2019.04.20"]
[Round "5.35"]
[White "Masse Garneau, Anthony"]
[Black "Durhan, Batuhan"]
[Result "0-1"]
[WhiteElo "1742"]
[BlackElo "1661"]
[PlyCount "66"]
[EventDate "2019.04.18"]
[EventType "swiss"]
[EventRounds "9"]
[EventCountry "CAN"]
[SourceTitle "EXT 2022"]
[Source "ChessBase"]
[SourceDate "2021.10.06"]
[SourceVersion "1"]
[SourceVersionDate "2021.10.06"]
[SourceQuality "1"]

1. d4 d5 2. c4 e6 3. Nc3 Nf6 4. Bg5 Be7 5. e3 0-0 6. Nf3 b6 7. Rc1 Bb7 8. Be2 Nbd7 9. 0-0 c5 10. cxd5 Nxd5 11. Bxe7 Qxe7 12. dxc5 Nxc5 13. Qc2 Nb4 14. Qb1 Rad8 15. Rcd1 f5 16. a3 Nd5 17. Nxd5 Bxd5 18. b4 Ne4 19. Qb2 Ng5 20. Ne5 Rf6 21. f4 Ne4 22. Bf3 Rh6 23. g3 g5 24. b5 Qc5 25. Rd3 Rc8 26. Bg2 g4 27. Rd4 Qc2 28. Qb4 Qxg2+ 29. Kxg2 Rc2+ 30. Kg1 Rhxh2 31. Rfd1 Rcg2+ 32. Kf1 Nxg3+ 33. Ke1 Rh1# 0-1

[Event "Gatineau Pentes enneigees"]
[Site "Gatineau"]
[Date "2019.02.19"]
[Round "4"]
[White "Rioux, Jocelyn"]
[Black "Masse Garneau, Anthony"]
[Result "1-0"]
[WhiteElo "1697"]
[BlackElo "1608"]
[PlyCount "145"]
[EventDate "2019.01.22"]
[EventType "swiss"]
[EventRounds "5"]
[EventCountry "CAN"]
[SourceTitle "EXT 2022"]
[Source "ChessBase"]
[SourceDate "2021.10.06"]
[SourceVersion "1"]
[SourceVersionDate "2021.10.06"]
[SourceQuality "1"]

1. e4 e5 2. Nf3 Nf6 3. Nc3 Nc6 4. d4 exd4 5. Nxd4 Bb4 6. Nxc6 bxc6 7. Qd4 Qe7 8. f3 h6 9. a3 Bc5 10. Qd3 a5 11. Be3 Ba6 12. Qd2 Bxf1 13. Rxf1 Bxe3 14. Qxe3 0-0 15. 0-0-0 d6 16. Rd4 Nd7 17. Ne2 Qe6 18. Kb1 c5 19. Rdd1 Rab8 20. Nf4 Qe5 21. c3 Nb6 22. Nd3 Qxc3 23. Qc1 Qxc1+ 24. Rxc1 c4 25. Nf4 c6 26. Rf2 Rfd8 27. Rd2 Rd7 28. Ne2 c5 29. Nc3 Kf8 30. Nd5 Nxd5 31. Rxd5 Rdb7 32. Rd2 Rb3 33. Ka2 Rd3 34. Rdc2 Ke7 35. Rxc4 Rd2 36. R4c2 Rxc2 37. Rxc2 Ke6 38. Rc3 Ke5 39. Rd3 g6 40. Rd5+ Ke6 41. Kb1 f5 42. Kc2 fxe4 43. fxe4 Rf8 44. Rd2 Rf4 45. Kd3 Ke5 46. Re2 h5 47. g3 c4+ 48. Kxc4 Rxe4+ 49. Rxe4+ Kxe4 50. b4 d5+ 51. Kc3 d4+ 52. Kd2 a4 53. b5 Kd5 54. Kd3 Kc5 55. b6 Kxb6 56. Kxd4 Kb5 57. h4 Ka5 58. Kc5 Ka6 59. Kb4 Kb6 60. Kxa4 Kc5 61. Kb3 Kb5 62. a4+ Kc5 63. Kc3 Kd5 64. Kb4 Kc6 65. a5 Kc7 66. Kb5 Kb7 67. a6+ Ka7 68. Ka5 Ka8 69. Kb6 Kb8 70. a7+ Ka8 71. Ka6 g5 72. hxg5 h4 73. g6 1-0

[Event "Outaouais-ch U20"]
[Site "Gatineau"]
[Date "2019.01.29"]
[Round "2"]
[White "Dupont Mageau, Nicolas"]
[Black "Masse Garneau, Anthony"]
[Result "0-1"]
[WhiteElo "1604"]
[BlackElo "1608"]
[PlyCount "84"]
[EventDate "2019.01.22"]
[EventType "tourn"]
[EventRounds "5"]
[EventCountry "CAN"]
[SourceTitle "EXT 2022"]
[Source "ChessBase"]
[SourceDate "2021.10.06"]
[SourceVersion "1"]
[SourceVersionDate "2021.10.06"]
[SourceQuality "1"]

1. e4 e5 2. Nf3 Nf6 3. d3 Nc6 4. Nbd2 Bc5 5. h3 d6 6. g3 h6 7. Bg2 Be6 8. Nb3 Bb6 9. d4 Bxb3 10. axb3 Nxd4 11. Nxd4 Bxd4 12. c3 Bb6 13. 0-0 0-0 14. g4 Nh7 15. Qf3 Ng5 16. Qg3 Ne6 17. h4 g5 18. hxg5 hxg5 19. Bf3 Kg7 20. Kg2 Rh8 21. Be3 Nf4+ 22. Kg1 Rh3 23. Bxf4 Rxg3+ 24. Bxg3 Qf6 25. Kg2 Rh8 26. Be2 Qe6 27. c4 Bd4 28. Rfd1 a6 29. Rab1 Qh6 30. Kf3 Qf6+ 31. Kg2 Qh6 32. Kf3 Qe6 33. Kg2 Qd7 34. Kf3 Qc6 35. Rdc1 Qb6 36. Bd1 Rh6 37. Kg2 Qa5 38. Rc2 Qe1 39. Bh2 Bxf2 40. Rxf2 Rxh2+ 41. Kxh2 Qxf2+ 42. Kh3 Qe3+ 0-1

[Event "Gatineau Feuille d'Erable"]
[Site "Gatineau"]
[Date "2018.11.13"]
[Round "4"]
[White "Masse Garneau, Anthony"]
[Black "Danilov, Alex"]
[Result "1-0"]
[WhiteElo "1563"]
[BlackElo "1669"]
[PlyCount "23"]
[EventDate "2018.10.23"]
[EventType "swiss"]
[EventRounds "5"]
[EventCountry "CAN"]
[SourceTitle "EXT 2022"]
[Source "ChessBase"]
[SourceDate "2021.10.06"]
[SourceVersion "1"]
[SourceVersionDate "2021.10.06"]
[SourceQuality "1"]

1. d4 Nf6 2. c4 e6 3. Nf3 Bb4+ 4. Bd2 Be7 5. g3 c5 6. dxc5 Bxc5 7. Bg2 Qb6 8. e3 Qxb2 9. Nc3 Qb4 10. Nb5 Qxc4 11. Nc7+ Kf8 12. Ne5 1-0

[Event "Outaouais-ch Reserves"]
[Site "Gatineau"]
[Date "2018.05.08"]
[Round "6"]
[White "Sabourin, Yves"]
[Black "Masse Garneau, Anthony"]
[Result "1/2-1/2"]
[WhiteElo "1501"]
[BlackElo "1549"]
[PlyCount "104"]
[EventDate "2018.04.03"]
[EventType "swiss"]
[EventRounds "7"]
[EventCountry "CAN"]
[SourceTitle "EXT 2022"]
[Source "ChessBase"]
[SourceDate "2021.10.06"]
[SourceVersion "1"]
[SourceVersionDate "2021.10.06"]
[SourceQuality "1"]

1. d4 d5 2. c4 c6 3. Nf3 Nf6 4. e3 Bf5 5. Nc3 e6 6. Be2 h6 7. 0-0 Bd6 8. c5 Bc7 9. b4 Nbd7 10. b5 e5 11. bxc6 bxc6 12. Bd2 0-0 13. Qa4 Nb8 14. Nxe5 Bxe5 15. dxe5 Nfd7 16. Qd4 Qe7 17. e4 dxe4 18. Nxe4 Nxe5 19. f4 Rd8 20. Nd6 Bg4 21. Qe3 Bxe2 22. Qxe2 Ng6 23. Qc4 a5 24. Rfe1 Qf8 25. f5 Nh8 26. Qg4 Nd7 27. Be3 Nf6 28. Qf3 Ne8 29. Nxe8 Rxe8 30. Qxc6 Re5 31. g4 Rae8 32. Bf2 Rxe1+ 33. Rxe1 Rxe1+ 34. Bxe1 Qd8 35. Qd6 Qxd6 36. cxd6 Kf8 37. Bxa5 Ke8 38. Bc3 f6 39. a4 Kd7 40. Bb4 Nf7 41. Kf2 Ne5 42. Kg3 Kc6 43. a5 g5 44. a6 Kb6 45. Bc3 Nd7 46. h4 Kxa6 47. Kf3 Kb5 48. hxg5 hxg5 49. Ke4 Kc6 50. Bb4 Ne5 51. Bc3 Nxg4 52. Kf3 Nh6 1/2-1/2

[Event "Outaouais-ch Reserves"]
[Site "Gatineau"]
[Date "2018.04.17"]
[Round "3"]
[White "Gareau, Charles"]
[Black "Masse Garneau, Anthony"]
[Result "0-1"]
[WhiteElo "1348"]
[BlackElo "1549"]
[PlyCount "94"]
[EventDate "2018.04.03"]
[EventType "swiss"]
[EventRounds "7"]
[EventCountry "CAN"]
[SourceTitle "EXT 2022"]
[Source "ChessBase"]
[SourceDate "2021.10.06"]
[SourceVersion "1"]
[SourceVersionDate "2021.10.06"]
[SourceQuality "1"]

1. e4 e5 2. Nf3 Nc6 3. Bc4 Bc5 4. c3 Nf6 5. d4 exd4 6. cxd4 Bb4+ 7. Bd2 Bxd2+ 8. Nbxd2 d5 9. exd5 Nxd5 10. 0-0 0-0 11. a3 Bg4 12. Nb3 Nb6 13. Bd3 Qf6 14. Be4 Rad8 15. h3 Bxf3 16. Qxf3 Qxf3 17. Bxf3 Nxd4 18. Nxd4 Rxd4 19. Bxb7 Rb8 20. Ba6 Rbd8 21. b3 Kf8 22. Be2 Nd5 23. Rad1 Nc3 24. Rde1 Nxe2+ 25. Rxe2 Rd1 26. Rxd1 Rxd1+ 27. Kh2 Rd3 28. Rb2 Ke8 29. Re2+ Kd7 30. Re3 Rxe3 31. fxe3 Kd6 32. Kg3 Ke5 33. Kf3 a5 34. g4 g5 35. Ke2 Ke4 36. Kf2 Kd3 37. Kf3 Kc3 38. b4 a4 39. Ke2 c6 40. e4 Kb3 41. Kd3 Kxa3 42. Kc3 h6 43. e5 Ka2 44. Kc2 a3 45. Kc1 Kb3 46. Kb1 Kxb4 47. Ka2 c5 0-1

[Event "Gatineau Special Hiver Suisse"]
[Site "Gatineau"]
[Date "2018.02.13"]
[Round "2"]
[White "Solunac, Stephen"]
[Black "Masse Garneau, Anthony"]
[Result "1-0"]
[WhiteElo "1749"]
[BlackElo "1449"]
[PlyCount "75"]
[EventDate "2018.02.06"]
[EventType "swiss"]
[EventRounds "5"]
[EventCountry "CAN"]
[SourceTitle "EXT 2022"]
[Source "ChessBase"]
[SourceDate "2021.10.06"]
[SourceVersion "1"]
[SourceVersionDate "2021.10.06"]
[SourceQuality "1"]

1. c4 e5 2. Nc3 Nc6 3. g3 b6 4. Bg2 Bb7 5. e4 Nge7 6. Nge2 Ng6 7. 0-0 h5 8. h4 Bc5 9. a3 Nd4 10. b4 Nxe2+ 11. Nxe2 Bd6 12. d4 exd4 13. Nxd4 Be5 14. f4 Bf6 15. Ra2 d6 16. Re2 Bxd4+ 17. Qxd4 Kf8 18. Bb2 Rg8 19. Bf3 c5 20. Qd3 Rh8 21. Qc3 Qf6 22. e5 dxe5 23. Bxb7 Re8 24. fxe5 Qe7 25. Bd5 f6 26. exf6 Qxe2 27. fxg7+ Ke7 28. Re1 Qxe1+ 29. Qxe1+ Kd8 30. gxh8Q Nxh8 31. Bf6+ Kd7 32. Bc6+ Kxc6 33. Qxe8+ Kc7 34. Bxh8 cxb4 35. Be5+ Kb7 36. Qd7+ Ka6 37. Bb8 b5 38. Qxa7# 1-0

[Event "Gatineau Pere Noel CEH-B"]
[Site "Gatineau"]
[Date "2018.01.23"]
[Round "6"]
[White "Masse Garneau, Anthony"]
[Black "Bourbonnais, Luc"]
[Result "1-0"]
[WhiteElo "1442"]
[BlackElo "1291"]
[PlyCount "45"]
[EventDate "2017.12.05"]
[EventType "swiss"]
[EventRounds "6"]
[EventCountry "CAN"]
[SourceTitle "EXT 2022"]
[Source "ChessBase"]
[SourceDate "2021.10.06"]
[SourceVersion "1"]
[SourceVersionDate "2021.10.06"]
[SourceQuality "1"]

1. Nf3 Nf6 2. g3 c6 3. Bg2 g6 4. 0-0 Bg7 5. c4 d5 6. cxd5 cxd5 7. d3 0-0 8. Qc2 Nc6 9. Nbd2 e5 10. a3 a5 11. e4 dxe4 12. dxe4 Qc7 13. Nc4 Nd7 14. Rd1 b5 15. Nd6 Rb8 16. Be3 Bb7 17. Rac1 Rfc8 18. Nxc8 Rxc8 19. Bh3 Rd8 20. Bxd7 Rxd7 21. Rxd7 Qxd7 22. Rd1 Qg4 23. Qxc6 1-0

[Event "Gatineau Pere Noel CEH-B"]
[Site "Gatineau"]
[Date "2017.12.19"]
[Round "3"]
[White "Masse Garneau, Anthony"]
[Black "Raymond, Robert"]
[Result "1-0"]
[WhiteElo "1442"]
[BlackElo "1289"]
[PlyCount "90"]
[EventDate "2017.12.05"]
[EventType "swiss"]
[EventRounds "6"]
[EventCountry "CAN"]
[SourceTitle "EXT 2022"]
[Source "ChessBase"]
[SourceDate "2021.10.06"]
[SourceVersion "1"]
[SourceVersionDate "2021.10.06"]
[SourceQuality "1"]

1. Nf3 e6 2. d4 d5 3. g3 Nf6 4. Bg2 Nbd7 5. 0-0 Be7 6. Nbd2 0-0 7. Re1 Rb8 8. c4 c5 9. cxd5 Nxd5 10. dxc5 Bxc5 11. Nb3 Bd6 12. e4 Bb4 13. exd5 Bxe1 14. Nxe1 Nf6 15. Bf4 Ra8 16. dxe6 Qxd1 17. Rxd1 fxe6 18. Nc5 Nd5 19. Bxd5 exd5 20. Rxd5 Re8 21. Ned3 b6 22. Nd7 Bb7 23. Rg5 Re6 24. Bb8 Bc6 25. N3e5 Bb7 26. Rf5 Re8 27. Rf4 Rc8 28. f3 Re8 29. Rc4 Bc8 30. Rc7 Bxd7 31. Nxd7 Re1+ 32. Kf2 Rb1 33. Rc8+ Kf7 34. Ne5+ Ke6 35. Re8+ Kf6 36. Nd7+ Kf7 37. Re2 a5 38. Bf4 b5 39. Ne5+ Kf6 40. Nd3 Kf7 41. Bc1 Rd8 42. Ne5+ Kf6 43. Bg5+ Kxg5 44. Nf7+ Kg6 45. Nxd8 Rc1 1-0

[Event "Gatineau Automne"]
[Site "Gatineau"]
[Date "2017.11.21"]
[Round "4"]
[White "Lemieux, Richard"]
[Black "Masse Garneau, Anthony"]
[Result "1/2-1/2"]
[WhiteElo "1553"]
[BlackElo "1440"]
[PlyCount "120"]
[EventDate "2017.10.31"]
[EventType "swiss"]
[EventRounds "5"]
[EventCountry "CAN"]
[SourceTitle "EXT 2022"]
[Source "ChessBase"]
[SourceDate "2021.10.06"]
[SourceVersion "1"]
[SourceVersionDate "2021.10.06"]
[SourceQuality "1"]

1. e4 e5 2. f4 exf4 3. Nf3 d5 4. e5 Bg4 5. d4 Nc6 6. Bb5 Nge7 7. 0-0 g5 8. h3 Bh5 9. Qe1 Bh6 10. e6 f6 11. h4 Qd6 12. b3 Bg4 13. hxg5 fxg5 14. Ne5 Qxe6 15. Nxg4 Qxg4 16. Bxc6+ bxc6 17. Ba3 Bf8 18. Qe5 Rg8 19. Qxc7 f3 20. Rf2 Qxd4 21. c3 Qb6 22. Qe5 Rg7 23. gxf3 0-0-0 24. Nd2 Qc7 25. Qe3 Nf5 26. Qe6+ Qd7 27. Qxd7+ Kxd7 28. Bxf8 Rxf8 29. c4 d4 30. Ne4 Rg6 31. Rd2 a5 32. Re1 Kc7 33. Nc5 Ne3 34. Rxd4 Rxf3 35. Rd3 Rf5 36. Rd7+ Kc8 37. Rxh7 Rxc5 38. Rxe3 Rg8 39. Ree7 a4 40. Rc7+ Kb8 41. Rb7+ Kc8 42. Ra7 Kb8 43. Rxa4 Re5 44. Raa7 Rge8 45. Rab7+ Ka8 46. Rbf7 Re2 47. Rf2 Re1+ 48. Kg2 R8e2 49. Rhf7 Rxf2+ 50. Rxf2 Kb7 51. Kg3 Kb6 52. Kg4 Ka5 53. Kxg5 Kb4 54. Kf4 Re8 55. Rh2 c5 56. Kf3 Ka3 57. Rh5 Kxa2 58. Rxc5 Kxb3 59. Rc7 Re1 60. c5 Kb4 1/2-1/2

[Event "Gatineau Rentree-B"]
[Site "Gatineau"]
[Date "2017.10.03"]
[Round "4"]
[White "Masse Garneau, Anthony"]
[Black "Lemieux, Richard"]
[Result "1/2-1/2"]
[WhiteElo "1408"]
[BlackElo "1552"]
[PlyCount "46"]
[EventDate "2017.09.12"]
[EventType "swiss"]
[EventRounds "6"]
[EventCountry "CAN"]
[SourceTitle "EXT 2022"]
[Source "ChessBase"]
[SourceDate "2021.10.06"]
[SourceVersion "1"]
[SourceVersionDate "2021.10.06"]
[SourceQuality "1"]

1. d4 Nf6 2. c4 e5 3. dxe5 Ng4 4. Bf4 Nc6 5. Nf3 Bb4+ 6. Nbd2 Qe7 7. e3 Ngxe5 8. Nxe5 Nxe5 9. a3 Bxd2+ 10. Qxd2 0-0 11. Be2 d6 12. 0-0 Be6 13. Qc3 f6 14. Rfd1 g5 15. Bxe5 fxe5 16. Bf3 Qf7 17. Rd2 c6 18. Rxd6 g4 19. Qxe5 Rae8 20. Qg3 Kh8 21. Qe5+ Kg8 22. Qg5+ Kh8 23. Qe5+ Kg8 1/2-1/2

[Event "Gatineau Rentree-B"]
[Site "Gatineau"]
[Date "2017.09.19"]
[Round "2"]
[White "Masse Garneau, Anthony"]
[Black "Sabourin, Yves"]
[Result "1/2-1/2"]
[WhiteElo "1408"]
[BlackElo "1462"]
[PlyCount "110"]
[EventDate "2017.09.12"]
[EventType "swiss"]
[EventRounds "6"]
[EventCountry "CAN"]
[SourceTitle "EXT 2022"]
[Source "ChessBase"]
[SourceDate "2021.10.06"]
[SourceVersion "1"]
[SourceVersionDate "2021.10.06"]
[SourceQuality "1"]

1. d4 Nf6 2. c4 g6 3. Nc3 d5 4. cxd5 Nxd5 5. e4 Nf6 6. Nf3 Bg7 7. h3 c6 8. Be3 e6 9. Qd2 Qa5 10. e5 Nd5 11. Ne4 Qxd2+ 12. Bxd2 0-0 13. Nd6 Nd7 14. Bc4 N7b6 15. Bb3 Rd8 16. Ng5 f6 17. Nxc8 fxg5 18. Nxb6 axb6 19. Bxg5 Rd7 20. 0-0 c5 21. Be3 Kf7 22. Rfe1 Nxe3 23. fxe3 cxd4 24. exd4 Rxd4 25. Rac1 Rd7 26. Rc2 Ra5 27. Rce2 Ke7 28. Kf2 Rc7 29. Kf3 h6 30. h4 Rcc5 31. Kf4 Rcb5 32. Re4 Kf7 33. g4 Bxe5+ 34. Rxe5 g5+ 35. hxg5 hxg5+ 36. Rxg5 Rxg5 37. Rxe6 Rgb5 38. Rxb6+ Kg7 39. Re6 Rb4+ 40. Kf3 Rg5 41. Re7+ Kh6 42. Re6+ Rg6 43. Re7 Rgxg4 44. Rxb7 Rxb7 45. Kxg4 Kg7 46. Kf3 Kf6 47. Ke4 Ke7 48. Kd3 Kd6 49. Kc3 Kc5 50. a3 Rg7 51. Bc4 Rg3+ 52. Bd3 Kb6 53. b4 Rg5 54. a4 Re5 55. Kd4 Rh5 1/2-1/2

[Event "Outaouais-ch Reserve"]
[Site "Gatineau"]
[Date "2017.05.23"]
[Round "6"]
[White "Masse Garneau, Anthony"]
[Black "Danilov, Alex"]
[Result "0-1"]
[WhiteElo "1378"]
[BlackElo "1705"]
[PlyCount "72"]
[EventDate "2017.04.18"]
[EventType "swiss"]
[EventRounds "7"]
[EventCountry "CAN"]
[SourceTitle "EXT 2022"]
[Source "ChessBase"]
[SourceDate "2021.10.06"]
[SourceVersion "1"]
[SourceVersionDate "2021.10.06"]
[SourceQuality "1"]

1. d4 Nf6 2. c4 e6 3. Nf3 Bb4+ 4. Bd2 Be7 5. Nc3 c5 6. d5 0-0 7. e4 exd5 8. cxd5 d6 9. h3 Re8 10. Bc4 Bf8 11. Bg5 h6 12. Bxf6 Qxf6 13. 0-0 a6 14. a4 Nd7 15. Qd2 Nb6 16. Be2 c4 17. a5 Nd7 18. Bxc4 Nc5 19. Qe3 Bf5 20. Qd4 Nxe4 21. Nxe4 Qxd4 22. Nxd4 Bxe4 23. f3 Bh7 24. Rae1 Be7 25. b3 Bf6 26. Ne2 Re3 27. Kf2 Rae8 28. Nf4 Bd4 29. Rxe3 Bxe3+ 30. Kg3 Bd2 31. Ra1 Bc3 32. Ra4 Be5 33. Kg4 f5+ 34. Kh5 Bxf4 35. Rb4 Bg5 36. Rxb7 g6# 0-1

[Event "Outaouais-ch Reserve"]
[Site "Gatineau"]
[Date "2017.05.16"]
[Round "5"]
[White "Labelle, Raymond"]
[Black "Masse Garneau, Anthony"]
[Result "0-1"]
[WhiteElo "1499"]
[BlackElo "1378"]
[PlyCount "38"]
[EventDate "2017.04.18"]
[EventType "swiss"]
[EventRounds "7"]
[EventCountry "CAN"]
[SourceTitle "EXT 2022"]
[Source "ChessBase"]
[SourceDate "2021.10.06"]
[SourceVersion "1"]
[SourceVersionDate "2021.10.06"]
[SourceQuality "1"]

1. e4 e5 2. Nf3 Nc6 3. Nc3 Nf6 4. Bc4 Nxe4 5. Bxf7+ Kxf7 6. Nxe4 d5 7. Neg5+ Ke8 8. d3 h6 9. Nh3 Bxh3 10. gxh3 Qf6 11. Qe2 Bd6 12. Bd2 Rf8 13. Ng1 Nd4 14. Qf1 Nxc2+ 15. Ke2 Nxa1 16. Qxa1 Qxf2+ 17. Kd1 Qf1+ 18. Be1 Qxd3+ 19. Kc1 Rf1 0-1

[Event "Outaouais-ch Reserve"]
[Site "Gatineau"]
[Date "2017.05.02"]
[Round "3"]
[White "Masse Garneau, Anthony"]
[Black "Sabourin, Yves"]
[Result "1-0"]
[WhiteElo "1378"]
[BlackElo "1499"]
[PlyCount "65"]
[EventDate "2017.04.18"]
[EventType "swiss"]
[EventRounds "7"]
[EventCountry "CAN"]
[SourceTitle "EXT 2022"]
[Source "ChessBase"]
[SourceDate "2021.10.06"]
[SourceVersion "1"]
[SourceVersionDate "2021.10.06"]
[SourceQuality "1"]

1. e4 e5 2. Nf3 Nf6 3. Nxe5 d6 4. Nf3 Nxe4 5. d3 Nf6 6. Nc3 Be7 7. Be2 c5 8. 0-0 Bd7 9. Re1 b5 10. d4 b4 11. Nb1 0-0 12. dxc5 dxc5 13. Ne5 Bc6 14. Nxc6 Nxc6 15. Bf3 Qxd1 16. Rxd1 Rac8 17. Be3 Ne5 18. Be2 Rfd8 19. Nd2 Neg4 20. Bg5 h6 21. Bxg4 hxg5 22. Bxc8 Rxc8 23. Nc4 g4 24. Ne3 Bd8 25. a3 a5 26. Nc4 Bc7 27. axb4 axb4 28. Ra6 Bb8 29. b3 Re8 30. Kf1 Be5 31. Re1 Bb8 32. Rxe8+ Nxe8 33. Ra8 1-0

[Event "Gatineau Hiver-B"]
[Site "Gatineau"]
[Date "2017.02.28"]
[Round "5"]
[White "Legare, Gilles"]
[Black "Masse Garneau, Anthony"]
[Result "0-1"]
[WhiteElo "1043"]
[BlackElo "1381"]
[PlyCount "52"]
[EventDate "2017.01.31"]
[EventType "swiss"]
[EventRounds "4"]
[EventCountry "CAN"]
[SourceTitle "EXT 2022"]
[Source "ChessBase"]
[SourceDate "2021.10.06"]
[SourceVersion "1"]
[SourceVersionDate "2021.10.06"]
[SourceQuality "1"]

1. e4 e5 2. Nf3 Nc6 3. b3 Nf6 4. d3 d5 5. Be2 dxe4 6. dxe4 Qxd1+ 7. Bxd1 Nxe4 8. 0-0 Bc5 9. c3 f6 10. Be3 Bxe3 11. fxe3 Bg4 12. h3 Be6 13. b4 0-0-0 14. b5 Na5 15. Bb3 Rhe8 16. Rd1 Rxd1+ 17. Bxd1 Nc4 18. Bb3 Nxe3 19. Nbd2 Nxc3 20. Kh2 Nxb5 21. Rc1 Bxb3 22. Nxb3 Nf5 23. a4 Nbd4 24. Nc5 Nxf3+ 25. gxf3 Nd4 26. Kg3 Ne2+ 0-1

[Event "Gatineau Automne-B"]
[Site "Gatineau"]
[Date "2016.11.22"]
[Round "5"]
[White "Clermont, Yves"]
[Black "Masse Garneau, Anthony"]
[Result "0-1"]
[WhiteElo "1268"]
[BlackElo "1355"]
[PlyCount "96"]
[EventDate "2016.10.25"]
[EventType "swiss"]
[EventRounds "5"]
[EventCountry "CAN"]
[SourceTitle "EXT 2022"]
[Source "ChessBase"]
[SourceDate "2021.10.06"]
[SourceVersion "1"]
[SourceVersionDate "2021.10.06"]
[SourceQuality "1"]

1. e4 c5 2. Nf3 e6 3. d4 cxd4 4. Nxd4 a6 5. Nc3 Qc7 6. Be2 Nf6 7. 0-0 Bb4 8. Bd2 Bxc3 9. Bxc3 Nxe4 10. Bb4 d6 11. Qd3 Nf6 12. Rad1 0-0 13. Qg3 Rd8 14. Bc3 e5 15. Nf3 Ne4 16. Qh4 Nxc3 17. bxc3 f6 18. Bc4+ Kh8 19. Bd3 g5 20. Qh6 Qg7 21. Qxg7+ Kxg7 22. Nd2 d5 23. Nb3 h5 24. Rfe1 Nc6 25. Nc5 e4 26. Be2 Kg6 27. Rd2 f5 28. Red1 Ne7 29. Rd4 Rd6 30. c4 b6 31. Nb3 Bb7 32. c5 Rc6 33. f3 bxc5 34. Ra4 Rac8 35. fxe4 fxe4 36. Ra5 c4 37. Nd4 Rf6 38. c3 Nf5 39. Rb1 Nxd4 40. cxd4 Rc7 41. Rc5 Rxc5 42. dxc5 Bc6 43. Rb6 Bb5 44. Rxf6+ Kxf6 45. Kf1 c3 46. Bxb5 axb5 47. Ke1 d4 48. c6 Ke6 0-1

[Event "Gatineau Automne-A"]
[Site "Gatineau"]
[Date "2016.11.08"]
[Round "3"]
[White "Masse Garneau, Anthony"]
[Black "Scantland, Patrick"]
[Result "0-1"]
[WhiteElo "1355"]
[BlackElo "1749"]
[PlyCount "88"]
[EventDate "2016.10.25"]
[EventType "swiss"]
[EventRounds "5"]
[EventCountry "CAN"]
[SourceTitle "EXT 2022"]
[Source "ChessBase"]
[SourceDate "2021.10.06"]
[SourceVersion "1"]
[SourceVersionDate "2021.10.06"]
[SourceQuality "1"]

1. d4 Nf6 2. c4 e6 3. Nf3 d5 4. Nc3 Be7 5. Qc2 0-0 6. Bg5 h6 7. Bxf6 Bxf6 8. e3 b6 9. c5 Qe7 10. b4 Re8 11. Rb1 Bb7 12. Be2 Nd7 13. 0-0 e5 14. Nb5 Nb8 15. cxb6 axb6 16. Qxc7 Rxa2 17. dxe5 Bxe5 18. Nxe5 Qxc7 19. Nxc7 Rxe5 20. Bf3 Nd7 21. Rfd1 Nf6 22. Rd4 Rc2 23. Nb5 Ba6 24. Nd6 Bc4 25. Nxc4 dxc4 26. Bd1 Rc3 27. Rb2 b5 28. Rc2 Rxc2 29. Bxc2 Rd5 30. Rxd5 Nxd5 31. Be4 c3 32. Kf1 Nxb4 33. Ke2 Kf8 34. Bd3 c2 35. Bxc2 Nxc2 36. Kd2 Nb4 37. Kc3 Nc6 38. f4 f5 39. h3 Kf7 40. g4 Kf6 41. Kd3 g5 42. fxg5+ hxg5 43. gxf5 Kxf5 44. Ke2 Ke4 0-1

[Event "Gatineau Automne-A"]
[Site "Gatineau"]
[Date "2016.10.25"]
[Round "1"]
[White "Danilov, Alex"]
[Black "Masse Garneau, Anthony"]
[Result "1-0"]
[WhiteElo "1784"]
[BlackElo "1355"]
[PlyCount "67"]
[EventDate "2016.10.25"]
[EventType "swiss"]
[EventRounds "5"]
[EventCountry "CAN"]
[SourceTitle "EXT 2022"]
[Source "ChessBase"]
[SourceDate "2021.10.06"]
[SourceVersion "1"]
[SourceVersionDate "2021.10.06"]
[SourceQuality "1"]

1. Nf3 d5 2. c4 c6 3. e3 Nf6 4. Nc3 e6 5. Qc2 Nbd7 6. b3 Bb4 7. Bb2 0-0 8. Rg1 Qc7 9. g4 Ne5 10. Nxe5 Qxe5 11. f4 Qd6 12. a3 Bxc3 13. Qxc3 Ne8 14. a4 f6 15. Ba3 c5 16. cxd5 Qxd5 17. Bg2 Qd7 18. Qxc5 Rf7 19. Rc1 b6 20. Qc4 Rb8 21. Bc6 Qd8 22. f5 Nd6 23. Qd4 Nb7 24. Qxd8+ Nxd8 25. Be8 Rfb7 26. Bd6 Ra8 27. e4 exf5 28. gxf5 Bd7 29. Bh5 Nf7 30. Be7 Ng5 31. e5 Bxf5 32. exf6 gxf6 33. Bxf6 h6 34. h4 1-0